Social change in modern India /

Bibliographic Details
Main Author: Srinivas, Mysore Narasimhachar
Format: Book
Language:English
Published: Berkeley : University of California Press, 1966.
Series:The Rabindranath Tagore memorial lectures, 1963
Subjects:

MARC

Tag First Indicator Second Indicator Subfields
LEADER 00000cam a22000001 4500
001 in00000063092
005 20151008051138.0
008 711013s1966 cau b 00010 eng
010 |a  66014413  
035 |a (OCoLC)00265160 
035 |9 AAG6037AM 
040 |a DLC  |c DLC  |d TXA  |d UtOrBLW 
043 |a a-ii--- 
049 |a TXAM  |c [454318] 
050 0 0 |a HN683.5  |b .S7 1966 
082 0 |a 309.154 
092 |a 309.154  |b S774s 
100 1 |a Srinivas, Mysore Narasimhachar. 
245 1 0 |a Social change in modern India /  |c [by] M. N. Srinivas. 
264 1 |a Berkeley :  |b University of California Press,  |c 1966. 
300 |a xv, 194 pages ;  |c 21 cm. 
336 |a text  |b txt  |2 rdacontent 
337 |a unmediated  |b n  |2 rdamedia 
338 |a volume  |b nc  |2 rdacarrier 
490 0 |a The Rabindranath Tagore memorial lectures, 1963 
504 |a Includes bibliographical references. 
651 0 |a India  |x Social conditions. 
999 |a MARS 
999 f f |s 06de1447-1073-3c41-a7c3-cc98767d4525  |i 8766ed70-d6dc-38d4-895f-dd6468a54e10  |t 0 
952 f f |p ric  |a Texas A&M University  |b Rellis Campus  |c Joint Library Facility  |d Remote Storage  |t 0  |e HN683.5 .S7 1966  |h Library of Congress classification  |i unmediated -- volume  |m A14800649136 
998 f f |a HN683.5 .S7 1966  |t 0  |l Remote Storage